| 000 | 01114nam a2200301 i 4500 | ||
|---|---|---|---|
| 001 | bg | ||
| 003 | BPK | ||
| 005 | 20230206090401.0 | ||
| 008 | 150720s1962 pl a g |001 0 pol | ||
| 015 | _aPB 1962/7525 | ||
| 040 |
_aWA N _cBPK |
||
| 080 | _a811.162.1'271 | ||
| 100 | 1 |
_aDoroszewski, Witold _d(1899-1976). _eAutor |
|
| 245 | 1 | 0 |
_aO kulturę słowa : _bporadnik językowy. _cWitold Doroszewski ; [indeksy Ewa i Feliks Przyłubscy]. |
| 260 |
_aWarszawa : _bPaństwowy Instytut Wydawniczy, _c1962. |
||
| 300 |
_a890, [2] s. : _bil. ; _c22 cm. |
||
| 336 |
_2rdacontent _aTekst _btxt |
||
| 337 |
_2rdamedia _aBez urządzenia pośredniczącego _bn |
||
| 338 |
_2rdacarrier _aWolumin _bnc |
||
| 504 | _aIndeks. | ||
| 650 | 4 | _aJęzyk polski | |
| 655 | 4 | _aPoradnik językowy | |
| 700 | 1 |
_aPrzyłubski, Feliks _d(1906-1983). _eIndeks. |
|
| 700 | 1 |
_aPrzyłubska, Ewa _d(?-2001). _eIndeks. |
|
| 710 | 2 |
_aPaństwowy Instytut Wydawniczy _4pbl. |
|
| 856 |
_uhttp://koha.tu.koszalin.pl/cgi-bin/koha/opac-detail.pl?biblionumber=11070 _yKatalog online BPK |
||
| 942 |
_2UKD _cKS |
||
| 999 |
_c11070 _d11070 |
||